{"text_format":"3","workbook":"xlsx","n_sheets":16,"sheets":["Datos Generales","Incr. %","Incr. Absoluto","Min. Cuadrados","PA-PB","Resumen Presup de ventas","Ficha técnica","Presupuesto de producción","Presupuesto de consumo de MPD","Procesos Top-Leggins","Presupuesto MOD 2026","Datos Ppto de CIF","Ppto de Cif","CEDULA PRESUPUESTAL","Datos para el presupuesto Final","E de R "],"not_rendered":{"charts":1,"images":2,"external_links":1},"read":"whole","date_system":"1900"}

{"sheet":"Datos Generales","index":0,"n_rows":7,"n_cols":4,"rows_kept":7,"merged":[[0,0,0,3]]}
["INFORMACION HISTÓRICA DE VENTAS"]
["AÑO","UNIDADES","PV. UNIT.","TOTAL VENTAS"]
[1,{"v":12000,"d":"12,000"},{"v":80000,"d":"80,000"},{"$f":"+B3*C3","v":{"v":960000000,"d":"960,000,000"}}]
[2,{"v":15000,"d":"15,000"},{"v":85000,"d":"85,000"},{"$f":"+B4*C4","v":{"v":1275000000,"d":"1,275,000,000"}}]
[3,{"v":13000,"d":"13,000"},{"v":90000,"d":"90,000"},{"v":1170000000,"d":"1,170,000,000"}]
[4,{"v":15000,"d":"15,000"},{"v":95000,"d":"95,000"},{"v":1425000000,"d":"1,425,000,000"}]
[5,{"v":18000,"d":"18,000"},{"v":100000,"d":"100,000"},{"v":1800000000,"d":"1,800,000,000"}]

{"sheet":"Incr. %","index":1,"n_rows":10,"n_cols":3,"rows_kept":10,"merged":[[0,0,0,2]]}
["PRESUPUESTO INCREMENTO %"]
[{"$f":"+'Datos Generales'!A2","v":"AÑO"},{"$f":"+'Datos Generales'!B2","v":"UNIDADES"}]
[{"$f":"+'Datos Generales'!A3","v":1},{"$f":"+'Datos Generales'!B3","v":{"v":12000,"d":"12,000"}},0]
[{"$f":"+'Datos Generales'!A4","v":2},{"$f":"+'Datos Generales'!B4","v":{"v":15000,"d":"15,000"}},{"$f":"+(B4-B3)/B3","v":{"v":0.25,"d":"25%"}}]
[{"$f":"+'Datos Generales'!A5","v":3},{"$f":"+'Datos Generales'!B5","v":{"v":13000,"d":"13,000"}},{"$f":"+(B5-B4)/B4","v":{"v":-0.13333333333333333,"d":"-13%"}}]
[{"$f":"+'Datos Generales'!A6","v":4},{"$f":"+'Datos Generales'!B6","v":{"v":15000,"d":"15,000"}},{"v":0.15384615384615385,"d":"15%"}]
[{"$f":"+'Datos Generales'!A7","v":5},{"$f":"+'Datos Generales'!B7","v":{"v":18000,"d":"18,000"}},{"$f":"+(B7-B6)/B6","v":{"v":0.2,"d":"20%"}}]
["Sumatoriadel Incre. %",null,{"$f":"SUM(C3:C7)","v":{"v":0.47051282051282056,"d":"47%"}}]
["Promedio Incr. %",null,{"$f":"+C8/(A7-1)","v":{"v":0.11762820512820514,"d":"12%"}}]
["Presupuesto año 2026",null,{"$f":"+B7*(1+C9)","v":{"v":20117.30769230769,"d":"20,117"}}]

{"sheet":"Incr. Absoluto","index":2,"n_rows":10,"n_cols":3,"rows_kept":10,"merged":[[0,0,0,2]]}
["PRESUPUESTO INCREMENTO ABSOLUTO"]
[{"$f":"+'Datos Generales'!A2","v":"AÑO"},{"$f":"+'Datos Generales'!B2","v":"UNIDADES"}]
[{"$f":"+'Datos Generales'!A3","v":1},{"$f":"+'Datos Generales'!B3","v":{"v":12000,"d":"12,000"}},0]
[{"$f":"+'Datos Generales'!A4","v":2},{"$f":"+'Datos Generales'!B4","v":{"v":15000,"d":"15,000"}},{"$f":"+B4-B3","v":{"v":3000,"d":"3,000"}}]
[{"$f":"+'Datos Generales'!A5","v":3},{"$f":"+'Datos Generales'!B5","v":{"v":13000,"d":"13,000"}},{"$f":"+B5-B4","v":{"v":-2000,"d":"-2,000"}}]
[{"$f":"+'Datos Generales'!A6","v":4},{"$f":"+'Datos Generales'!B6","v":{"v":15000,"d":"15,000"}},{"v":2000,"d":"2,000"}]
[{"$f":"+'Datos Generales'!A7","v":5},{"$f":"+'Datos Generales'!B7","v":{"v":18000,"d":"18,000"}},{"v":3000,"d":"3,000"}]
["Sumatoria Increm Absluto",null,{"$f":"SUM(C3:C7)","v":{"v":6000,"d":"6,000"}}]
["Promedio Incr. Absoluto",null,{"$f":"+C8/(A7-1)","v":{"v":1500,"d":"1,500"}}]
["Presupuesto año 2026",null,{"$f":"+B7+C9","v":{"v":19500,"d":"19,500"}}]

{"sheet":"Min. Cuadrados","index":3,"n_rows":14,"n_cols":5,"rows_kept":14,"merged":[[10,3,10,5]]}
["PRESUPUESTO DE VENTAS MINIMOS CUADRADOS"]
[{"$f":"+'Datos Generales'!A2","v":"AÑO"},{"$f":"+'Datos Generales'!B2","v":"UNIDADES"}]
["X","Y","X.Y","X 2"]
[{"$f":"+'Datos Generales'!A3","v":1},{"$f":"+'Datos Generales'!B3","v":{"v":12000,"d":"12,000"}},{"$f":"+A4*B4","v":{"v":12000,"d":"12,000"}},{"$f":"+A4^2","v":1}]
[{"$f":"+'Datos Generales'!A4","v":2},{"$f":"+'Datos Generales'!B4","v":{"v":15000,"d":"15,000"}},{"$f":"+A5*B5","v":{"v":30000,"d":"30,000"}},{"$f":"+A5^2","v":4}]
[{"$f":"+'Datos Generales'!A5","v":3},{"$f":"+'Datos Generales'!B5","v":{"v":13000,"d":"13,000"}},{"v":39000,"d":"39,000"},9]
[{"$f":"+'Datos Generales'!A6","v":4},{"$f":"+'Datos Generales'!B6","v":{"v":15000,"d":"15,000"}},{"v":60000,"d":"60,000"},16]
[{"$f":"+'Datos Generales'!A7","v":5},{"$f":"+'Datos Generales'!B7","v":{"v":18000,"d":"18,000"}},{"v":90000,"d":"90,000"},25]
[{"$f":"SUM(A4:A8)","v":15},{"$f":"SUM(B4:B8)","v":{"v":73000,"d":"73,000"}},{"v":231000,"d":"231,000"},55]
["n=",5]
[{"$nulls":3},"PRESUPUESTO DE VENTAS 20206"]
["b=",{"$f":"+((B10*C9)-(A9*B9))/((B10*D9)-(A9^2))","v":{"v":1200,"d":"1,200"}},null,null,{"$f":"+B14","v":{"v":18200,"d":"18,200"}}]
["a=",{"$f":"(B9-(B12*A9))/B10","v":{"v":11000,"d":"11,000"}}]
["y=",{"$f":"+B13+B12*(6)","v":{"v":18200,"d":"18,200"}}]

{"sheet":"PA-PB","index":4,"n_rows":17,"n_cols":6,"rows_kept":17,"merged":[[0,0,0,5],[5,3,5,4],[6,3,6,5],[7,3,7,5],[10,0,10,1],[11,0,11,1],[12,3,12,5],[13,3,13,5]]}
["PRESUPUESTO DE VENTAS P.A - P.B."]
[{"$f":"+'Datos Generales'!A2","v":"AÑO"},{"$f":"+'Datos Generales'!B2","v":"UNIDADES"},null,"MÉTODO","X","Y"]
["X","Y",null,"PUNTO ALTO",{"$f":"+A8","v":5},{"$f":"+B8","v":{"v":18000,"d":"18,000"}}]
[{"$f":"+'Datos Generales'!A3","v":1},{"$f":"+'Datos Generales'!B3","v":{"v":12000,"d":"12,000"}},null,"PUNTO BAJO",{"$f":"+A4","v":1},{"$f":"+B4","v":{"v":12000,"d":"12,000"}}]
[{"$f":"+'Datos Generales'!A4","v":2},{"$f":"+'Datos Generales'!B4","v":{"v":15000,"d":"15,000"}},null,"DIFERENCIA",{"$f":"+E3-E4","v":4},{"$f":"+F3-F4","v":{"v":6000,"d":"6,000"}}]
[{"$f":"+'Datos Generales'!A5","v":3},{"$f":"+'Datos Generales'!B5","v":{"v":13000,"d":"13,000"}},null,"b=",null,{"$f":"+F5/E5","v":{"v":1500,"d":"1,500"}}]
[{"$f":"+'Datos Generales'!A6","v":4},{"$f":"+'Datos Generales'!B6","v":{"v":15000,"d":"15,000"}},null,"Remplazamos con el P.A"]
[{"$f":"+'Datos Generales'!A7","v":5},{"$f":"+'Datos Generales'!B7","v":{"v":18000,"d":"18,000"}},null,"Y = a + b.x"]
[{"$f":"SUM(A4:A8)","v":15},{"$f":"SUM(B4:B8)","v":{"v":73000,"d":"73,000"}},null,18000," = a +  (1.500 x 5) =",{"$f":"+F6*E3","v":{"v":7500,"d":"7,500"}}]
[{"$nulls":3},"Despejando a=","18.000 - 7.500   a =",{"$f":"+D9-F9","v":{"v":10500,"d":"10,500"}}]
["PRESUPUESTO DE VENTAS P.A- P.B.",null,null,"y=","10.500+ (1.500 x 5)=",{"$f":"+F10+(F6*(A8+1))","v":{"v":19500,"d":"19,500"}}]
[{"$f":"+F17","v":19500}]
[{"$nulls":3},"Remplazamos con el P.A"]
[{"$nulls":3},"Y = a + b.x"]
[{"$nulls":3},{"$f":"+F4","v":{"v":12000,"d":"12,000"}}," = a +  (1.500 x 1) =",{"$f":"+F6*E4","v":{"v":1500,"d":"1,500"}}]
[{"$nulls":3},"Despejando a=","12.000 - 1.500   a =",{"$f":"+D15-F15","v":{"v":10500,"d":"10,500"}}]
[{"$nulls":3},"y=","10.500+ (1.500 x 6)=",{"$f":"F16+(F6*(A8+1))","v":{"v":19500,"d":"19,500"}}]

{"sheet":"Resumen Presup de ventas","index":5,"n_rows":6,"n_cols":3,"rows_kept":6,"merged":[[0,0,0,1],[1,0,1,1]]}
["RESUMEN PRESUPUESTAL  TODOS LOS MÉTODOS"]
["Año 2026"]
["Incremento %",{"$f":"+'Incr. %'!C10","v":{"v":20117.30769230769,"d":"20,117"}}]
["Incremento Absoluto",{"$f":"+'Incr. Absoluto'!C10","v":{"v":19500,"d":"19,500"}}]
["Minimos Cuadrados",{"$f":"+'Min. Cuadrados'!B14","v":{"v":18200,"d":"18,200"}},"Proyeccion de venta "]
["P.A. - P.B.",{"$f":"+'PA-PB'!A12","v":{"v":19500,"d":"19,500"}}]

{"sheet":"Ficha técnica","index":6,"n_rows":17,"n_cols":8,"rows_kept":17,"merged":[[0,0,0,8],[1,0,1,8],[2,1,2,8],[3,1,3,8],[4,1,4,8],[5,1,5,8],[6,1,6,8],[7,1,7,8],[8,1,8,8],[9,1,9,8],[10,1,10,8],[11,0,16,0],[11,1,11,8],[12,1,12,2],[12,4,12,6],[13,1,13,2],[13,4,13,6],[13,7,13,8],[14,1,14,2],[14,4,14,6],[14,7,14,8],[15,1,15,2],[15,4,15,6],[15,7,15,8],[16,1,16,2],[16,4,16,6],[16,7,16,8]]}
["FICHA TÉCNICA DEL PRODUCTO"]
[]
["Nombre del producto","Conjunto Deportivo Dama (Top + Leggings)"]
["Talla","Única"]
["Técnica de confección","Sellado térmico (termosellado) sin hilo"]
["Composición por prenda","Leggings: Poliéster | Top: Spandex"]
["Colores de referencia","Top azul con detalles rosados; leggings estampado multicolor"]
["Uso recomendado","Fitness, yoga, running y uso casual"]
["Propiedades","Secado rápido, elasticidad, control de humedad"]
["Cuidados","Lavado suave en frío, no blanquear, secado a la sombra, no planchar directamente sobre uniones termoselladas"]
[]
["Ficha Técnica","CONSUMO DE MPD POR UNIDAD"]
[null,"Material",null,"Unidad de Medida","Consumo por unidad",null,null,"Costo unitario "]
[null,{"$f":"[1]Presupuesto!A2","v":"Tela principal Leggins"},null,{"$f":"[1]Presupuesto!B2","v":"metro"},1,null,null,{"$f":"[1]Presupuesto!E2","v":{"v":15000,"d":"15,000"}}]
[null,{"$f":"[1]Presupuesto!A3","v":"Tela principal Top"},null,{"$f":"[1]Presupuesto!B3","v":"metro"},0.5,null,null,{"$f":"[1]Presupuesto!E3","v":{"v":22000,"d":"22,000"}}]
[null,{"$f":"[1]Presupuesto!A4","v":"Cinta adhesiva termofusible"},null,{"$f":"[1]Presupuesto!B4","v":"metro"},{"$f":"[1]Presupuesto!C4","v":2},null,null,{"$f":"[1]Presupuesto!E4","v":{"v":1500,"d":"1,500"}}]
[null,{"$f":"[1]Presupuesto!A5","v":"Elástico termosellable"},null,{"$f":"[1]Presupuesto!B5","v":"metro"},{"$f":"[1]Presupuesto!C5","v":1},null,null,{"$f":"[1]Presupuesto!E5","v":{"v":1000,"d":"1,000"}}]

{"sheet":"Presupuesto de producción","index":7,"n_rows":23,"n_cols":20,"rows_kept":23,"merged":[[0,0,0,4],[0,6,1,6],[0,7,1,7],[0,8,1,8],[0,9,1,9],[0,10,1,10],[0,11,1,11],[0,12,1,12],[0,13,1,13],[0,14,1,14],[0,15,1,15],[0,16,1,16],[0,17,1,17],[0,18,1,18],[0,19,1,19],[2,0,2,4],[3,0,3,2],[3,3,3,4],[4,0,4,2],[4,3,4,4],[6,0,6,4],[8,0,8,4],[9,0,9,3],[10,1,10,3],[11,1,11,3],[12,1,12,3],[13,1,13,3],[14,1,14,3],[15,1,15,3],[16,1,16,3],[17,1,17,3],[18,1,18,3],[19,1,19,3],[20,1,20,3],[21,1,21,3],[22,1,22,3]]}
["Politicas generales sobre inventarios",{"$nulls":5},"Concepto","Ene","Feb","Mar","Abr","May","Jun","Jul","Ago","Sep","Oct","Nov","Dic","TOTALES"]
[]
["Niveles de inventarios de productos terminados:",{"$nulls":5},"Ventas presupuestadas",{"$f":"+E11","v":910},{"$f":"+E12","v":910},{"$f":"+E13","v":{"v":1274.0000000000002,"d":"1,274"}},{"$f":"+E14","v":{"v":1456,"d":"1,456"}},{"$f":"+E15","v":{"v":1820,"d":"1,820"}},{"$f":"+E16","v":{"v":1820,"d":"1,820"}},{"$f":"+E17","v":{"v":1456,"d":"1,456"}},{"$f":"+E18","v":{"v":1274.0000000000002,"d":"1,274"}},{"$f":"+E19","v":{"v":1456,"d":"1,456"}},{"$f":"+E20","v":{"v":2184,"d":"2,184"}},{"$f":"+E21","v":{"v":2730,"d":"2,730"}},{"$f":"+E22","v":910},{"$f":"SUM(H3:S3)","v":{"v":18200,"d":"18,200"}}]
["Inventario inicial deseado:",null,null,500,null,null,"Inv Final",{"$f":"5%*H3","v":{"v":45.5,"d":"46"}},{"$f":"5%*I3","v":{"v":45.5,"d":"46"}},{"v":63.70000000000002,"d":"64"},{"v":72.8,"d":"73"},91,91,{"v":72.8,"d":"73"},{"$f":"5%*O3","v":{"v":63.70000000000002,"d":"64"}},{"$f":"5%*P3","v":{"v":72.8,"d":"73"}},{"$f":"5%*Q3","v":{"v":109.2,"d":"109"}},{"$f":"5%*R3","v":{"v":136.5,"d":"137"}},300,{"$f":"+S4","v":300}]
["Inventario Final deseado",null,null,300,null,null,"Necesdades de producc.",{"$f":"SUM(H3:H4)","v":{"v":955.5,"d":"956"}},{"$f":"SUM(I3:I4)","v":{"v":955.5,"d":"956"}},{"v":1337.7000000000003,"d":"1,338"},{"v":1528.8,"d":"1,529"},{"v":1911,"d":"1,911"},{"v":1911,"d":"1,911"},{"v":1528.8,"d":"1,529"},{"v":1337.7000000000003,"d":"1,338"},{"v":1528.8,"d":"1,529"},{"v":2293.2,"d":"2,293"},{"v":2866.5,"d":"2,867"},{"v":1210,"d":"1,210"},{"v":18500,"d":"18,500"}]
[{"$nulls":6},"Inventario  Inicial",-150,{"$f":"-H4","v":{"v":-45.5,"d":"-46"}},{"v":-45.5,"d":"-46"},{"v":-63.70000000000002,"d":"-64"},{"v":-72.8,"d":"-73"},-91,-91,{"v":-72.8,"d":"-73"},{"v":-63.70000000000002,"d":"-64"},{"v":-72.8,"d":"-73"},{"v":-109.2,"d":"-109"},{"v":-136.5,"d":"-137"},{"$f":"+H6","v":-150}]
["Política sobre inventarios de productos terminados: La empresa desea tener en existencias, al final del año, un inventario de 200 unidades y para el  I.F. de MPD: Desea tener en existencia al inicio y al final del año 2026 el 5% del volumen de producción del respectivo mes. ",{"$nulls":5},"Producción Requeria  por mes",{"$f":"SUM(H5:H6)","v":{"v":805.5,"d":"806"}},{"$f":"SUM(I5:I6)","v":910},{"v":1292.2000000000003,"d":"1,292"},{"v":1465.1,"d":"1,465"},{"v":1838.2,"d":"1,838"},{"v":1820,"d":"1,820"},{"v":1437.8,"d":"1,438"},{"v":1264.9000000000003,"d":"1,265"},{"v":1465.1,"d":"1,465"},{"v":2220.3999999999996,"d":"2,220"},{"v":2757.3,"d":"2,757"},{"v":1073.5,"d":"1,074"},{"$f":"SUM(T5:T6)","v":{"v":18350,"d":"18,350"}}]
[]
["Distribución porcentual de las ventas: "]
["PRESUPUESTO DE VENTAS  AÑO 2026",{"$nulls":3},{"$f":"+'Resumen Presup de ventas'!B5","v":{"v":18200,"d":"18,200"}}]
["Enero",{"v":0.05,"d":"5%"},null,null,{"$f":"$E$10*B11","v":910}]
["Febrero",{"v":0.05,"d":"5%"},null,null,910]
["Marzo",{"v":0.07,"d":"7%"},null,null,{"v":1274.0000000000002,"d":"1,274"}]
["Abril",{"v":0.08,"d":"8%"},null,null,{"v":1456,"d":"1,456"}]
["Mayo",{"v":0.1,"d":"10%"},null,null,{"v":1820,"d":"1,820"}]
["Junio",{"v":0.1,"d":"10%"},null,null,{"v":1820,"d":"1,820"}]
["Julio",{"v":0.08,"d":"8%"},null,null,{"v":1456,"d":"1,456"}]
["Agosto",{"v":0.07,"d":"7%"},null,null,{"v":1274.0000000000002,"d":"1,274"}]
["Septiembre",{"v":0.08,"d":"8%"},null,null,{"v":1456,"d":"1,456"}]
["Octubre",{"v":0.12,"d":"12%"},null,null,{"v":2184,"d":"2,184"}]
["Noviembre",{"v":0.15,"d":"15%"},null,null,{"v":2730,"d":"2,730"}]
["Diciembre",{"v":0.05,"d":"5%"},null,null,910]
["Totales",{"$f":"SUM(B11:B22)","v":{"v":0.9999999999999999,"d":"100%"}},null,null,{"$f":"SUM(E11:E22)","v":{"v":18200,"d":"18,200"}}]

{"sheet":"Presupuesto de consumo de MPD","index":8,"n_rows":72,"n_cols":10,"rows_kept":72,"merged":[[0,0,0,9],[1,0,1,9],[2,0,3,0],[2,1,3,1],[2,2,3,2],[2,3,3,3],[2,4,3,4],[2,5,3,5],[2,6,3,6],[2,7,3,7],[2,8,3,8],[2,9,3,9],[4,3,15,3],[16,0,16,8],[17,0,17,9],[18,0,18,9],[19,0,20,0],[19,1,20,1],[19,2,20,2],[19,3,20,3],[19,4,20,4],[19,5,20,5],[19,6,20,6],[19,7,20,7],[19,8,20,8],[19,9,20,9],[21,3,32,3],[33,0,33,8],[35,0,35,9],[36,0,37,0],[36,1,37,1],[36,2,37,2],[36,3,37,3],[36,4,37,4],[36,5,37,5],[36,6,37,6],[36,7,37,7],[36,8,37,8],[36,9,37,9],[38,3,49,3],[50,0,50,8],[52,0,52,9],[53,0,54,0],[53,1,54,1],[53,2,54,2],[53,3,54,3],[53,4,54,4],[53,5,54,5],[53,6,54,6],[53,7,54,7],[53,8,54,8],[53,9,54,9],[55,3,66,3],[67,0,67,8],[69,0,69,8]]}
["PRESUPUESTO DE COMPRAS DE M.P.D."]
[{"$f":"+'Ficha técnica'!B14","v":"Tela principal Leggins"}]
["MES","DESCRIPCION","UNIDAD DE MEDIDA","CONSUMO POR UNIDAD","PPTO DE PDCCIÓN","INV. INICIAL","INV.     FINAL","MATERIA PRIMA REQUERIDA","COSTO MPD POR MT","COSTO TOTAL MPD"]
[{"$nulls":6},"FINAL"]
["ENERO",{"$f":"+$A$2","v":"Tela principal Leggins"},"Mt",{"$f":"+'Ficha técnica'!$E$14","v":{"v":1,"d":"1.00"}},{"$f":"+'Presupuesto de producción'!H7","v":{"v":805.5,"d":"806"}},{"$f":"+E5*5%","v":{"v":40.275000000000006,"d":"40"}},{"$f":"+E5*5%","v":{"v":40.275000000000006,"d":"40"}},{"$f":"$D$5*(E5-F5+G5)","v":{"v":805.5,"d":"806"}},{"$f":"+'Ficha técnica'!$H$14","v":{"v":15000,"d":"15,000"}},{"$f":"+H5*I5","v":{"v":12082500,"d":"12,082,500"}}]
["FEBRERO",{"$f":"+$A$2","v":"Tela principal Leggins"},"Mt",null,{"$f":"+'Presupuesto de producción'!I7","v":910},{"$f":"+G5","v":{"v":40.275000000000006,"d":"40"}},{"$f":"+E6*5%","v":{"v":45.5,"d":"46"}},{"$f":"$D$5*(E6-F6+G6)","v":{"v":915.225,"d":"915"}},{"$f":"+'Ficha técnica'!$H$14","v":{"v":15000,"d":"15,000"}},{"$f":"+H6*I6","v":{"v":13728375,"d":"13,728,375"}}]
["MARZO","Tela principal Leggins","Mt",null,{"$f":"+'Presupuesto de producción'!J7","v":{"v":1292.2000000000003,"d":"1,292"}},{"$f":"+G6","v":{"v":45.5,"d":"46"}},{"v":64.61000000000001,"d":"65"},{"v":1311.3100000000004,"d":"1,311"},{"$f":"+'Ficha técnica'!$H$14","v":{"v":15000,"d":"15,000"}},{"v":19669650.000000007,"d":"19,669,650"}]
["ABRIL","Tela principal Leggins","Mt",null,{"$f":"+'Presupuesto de producción'!K7","v":{"v":1465.1,"d":"1,465"}},{"v":64.61000000000001,"d":"65"},{"v":73.255,"d":"73"},{"v":1473.745,"d":"1,474"},{"$f":"+'Ficha técnica'!$H$14","v":{"v":15000,"d":"15,000"}},{"v":22106175,"d":"22,106,175"}]
["MAYO","Tela principal Leggins","Mt",null,{"$f":"+'Presupuesto de producción'!L7","v":{"v":1838.2,"d":"1,838"}},{"v":73.255,"d":"73"},{"v":91.91000000000001,"d":"92"},{"v":1856.8550000000002,"d":"1,857"},{"$f":"+'Ficha técnica'!$H$14","v":{"v":15000,"d":"15,000"}},{"v":27852825.000000004,"d":"27,852,825"}]
["JUNIO","Tela principal Leggins","Mt",null,{"$f":"+'Presupuesto de producción'!M7","v":{"v":1820,"d":"1,820"}},{"v":91.91000000000001,"d":"92"},91,{"v":1819.09,"d":"1,819"},{"$f":"+'Ficha técnica'!$H$14","v":{"v":15000,"d":"15,000"}},{"v":27286350,"d":"27,286,350"}]
["JULIO","Tela principal Leggins","Mt",null,{"$f":"+'Presupuesto de producción'!N7","v":{"v":1437.8,"d":"1,438"}},91,{"v":71.89,"d":"72"},{"v":1418.69,"d":"1,419"},{"$f":"+'Ficha técnica'!$H$14","v":{"v":15000,"d":"15,000"}},{"v":21280350,"d":"21,280,350"}]
["AGOSTO","Tela principal Leggins","Mt",null,{"$f":"+'Presupuesto de producción'!O7","v":{"v":1264.9000000000003,"d":"1,265"}},{"v":71.89,"d":"72"},{"v":63.24500000000002,"d":"63"},{"v":1256.2550000000003,"d":"1,256"},{"$f":"+'Ficha técnica'!$H$14","v":{"v":15000,"d":"15,000"}},{"v":18843825.000000004,"d":"18,843,825"}]
["SEPTIEMBRE","Tela principal Leggins","Mt",null,{"$f":"+'Presupuesto de producción'!P7","v":{"v":1465.1,"d":"1,465"}},{"v":63.24500000000002,"d":"63"},{"v":73.255,"d":"73"},{"v":1475.1099999999997,"d":"1,475"},{"$f":"+'Ficha técnica'!$H$14","v":{"v":15000,"d":"15,000"}},{"v":22126649.999999996,"d":"22,126,650"}]
["OCTUBRE","Tela principal Leggins","Mt",null,{"$f":"+'Presupuesto de producción'!Q7","v":{"v":2220.3999999999996,"d":"2,220"}},{"v":73.255,"d":"73"},{"v":111.01999999999998,"d":"111"},{"v":2258.1649999999995,"d":"2,258"},{"$f":"+'Ficha técnica'!$H$14","v":{"v":15000,"d":"15,000"}},{"v":33872474.99999999,"d":"33,872,475"}]
["NOVIEMBRE","Tela principal Leggins","Mt",null,{"$f":"+'Presupuesto de producción'!R7","v":{"v":2757.3,"d":"2,757"}},{"v":111.01999999999998,"d":"111"},{"v":137.865,"d":"138"},{"v":2784.1450000000004,"d":"2,784"},{"$f":"+'Ficha técnica'!$H$14","v":{"v":15000,"d":"15,000"}},{"v":41762175.00000001,"d":"41,762,175"}]
["DICIEMBRE","Tela principal Leggins","Mt",null,{"$f":"+'Presupuesto de producción'!S7","v":{"v":1073.5,"d":"1,074"}},{"v":137.865,"d":"138"},{"$f":"+E16*5%","v":{"v":53.675000000000004,"d":"54"}},{"$f":"$D$5*(E16-F16+G16)","v":{"v":989.31,"d":"989"}},{"$f":"+'Ficha técnica'!$H$14","v":{"v":15000,"d":"15,000"}},{"v":14839650,"d":"14,839,650"}]
["TOTAL PRESUPUESTO ANUAL DE MPD - Leggins",{"$nulls":8},{"$f":"SUM(J5:J16)","v":{"v":275451000,"d":"$ 275,451,000"}}]
[]
[{"$f":"+'Ficha técnica'!B15","v":"Tela principal Top"}]
["MES","DESCRIPCION","UNIDAD DE MEDIDA","CONSUMO POR UNIDAD","PPTO DE PDCCIÓN","INV. INICIAL","INV.     FINAL","MATERIA PRIMA REQUERIDA","COSTO MPD POR MT","COSTO TOTAL MPD"]
[{"$nulls":6},"FINAL"]
["ENERO",{"$f":"+$A$19","v":"Tela principal Top"},"Mt",{"$f":"+'Ficha técnica'!E15","v":{"v":0.5,"d":"0.50"}},{"$f":"+E5","v":{"v":805.5,"d":"806"}},{"$f":"+E22*5%","v":{"v":40.275000000000006,"d":"40"}},{"$f":"+E22*5%","v":{"v":40.275000000000006,"d":"40"}},{"$f":"$D$22*(E22-F22+G22)","v":{"v":402.75,"d":"403"}},{"$f":"+'Ficha técnica'!$H$15","v":{"v":22000,"d":"22,000"}},{"$f":"+H22*I22","v":{"v":8860500,"d":"8,860,500"}}]
["FEBRERO",{"$f":"+$A$19","v":"Tela principal Top"},"Mt",null,{"$f":"+E6","v":910},{"$f":"+G22","v":{"v":40.275000000000006,"d":"40"}},{"$f":"+E23*5%","v":{"v":45.5,"d":"46"}},{"$f":"$D$22*(E23-F23+G23)","v":{"v":457.6125,"d":"458"}},{"$f":"+I22","v":{"v":22000,"d":"22,000"}},{"$f":"+H23*I23","v":{"v":10067475,"d":"10,067,475"}}]
["MARZO","Tela principal Top","Mt",null,{"v":1292.2000000000003,"d":"1,292"},{"$f":"+G23","v":{"v":45.5,"d":"46"}},{"v":64.61000000000001,"d":"65"},{"v":655.6550000000002,"d":"656"},{"$f":"+I23","v":{"v":22000,"d":"22,000"}},{"v":14424410.000000004,"d":"14,424,410"}]
["ABRIL","Tela principal Top","Mt",null,{"v":1465.1,"d":"1,465"},{"$f":"+G24","v":{"v":64.61000000000001,"d":"65"}},{"v":73.255,"d":"73"},{"v":736.8725,"d":"737"},{"v":22000,"d":"22,000"},{"v":16211194.999999998,"d":"16,211,195"}]
["MAYO","Tela principal Top","Mt",null,{"v":1838.2,"d":"1,838"},{"v":73.255,"d":"73"},{"v":91.91000000000001,"d":"92"},{"v":928.4275000000001,"d":"928"},{"v":22000,"d":"22,000"},{"v":20425405.000000004,"d":"20,425,405"}]
["JUNIO","Tela principal Top","Mt",null,{"v":1820,"d":"1,820"},{"v":91.91000000000001,"d":"92"},91,{"v":909.545,"d":"910"},{"v":22000,"d":"22,000"},{"v":20009990,"d":"20,009,990"}]
["JULIO","Tela principal Top","Mt",null,{"v":1437.8,"d":"1,438"},91,{"v":71.89,"d":"72"},{"v":709.345,"d":"709"},{"v":22000,"d":"22,000"},{"v":15605590,"d":"15,605,590"}]
["AGOSTO","Tela principal Top","Mt",null,{"v":1264.9000000000003,"d":"1,265"},{"v":71.89,"d":"72"},{"v":63.24500000000002,"d":"63"},{"v":628.1275000000002,"d":"628"},{"v":22000,"d":"22,000"},{"v":13818805.000000004,"d":"13,818,805"}]
["SEPTIEMBRE","Tela principal Top","Mt",null,{"v":1465.1,"d":"1,465"},{"v":63.24500000000002,"d":"63"},{"v":73.255,"d":"73"},{"v":737.5549999999998,"d":"738"},{"v":22000,"d":"22,000"},{"v":16226209.999999996,"d":"16,226,210"}]
["OCTUBRE","Tela principal Top","Mt",null,{"v":2220.3999999999996,"d":"2,220"},{"v":73.255,"d":"73"},{"v":111.01999999999998,"d":"111"},{"v":1129.0824999999998,"d":"1,129"},{"v":22000,"d":"22,000"},{"v":24839814.999999996,"d":"24,839,815"}]
["NOVIEMBRE","Tela principal Top","Mt",null,{"v":2757.3,"d":"2,757"},{"v":111.01999999999998,"d":"111"},{"v":137.865,"d":"138"},{"v":1392.0725000000002,"d":"1,392"},{"v":22000,"d":"22,000"},{"v":30625595.000000004,"d":"30,625,595"}]
["DICIEMBRE","Tela principal Top","Mt",null,{"v":1073.5,"d":"1,074"},{"v":137.865,"d":"138"},{"v":53.675000000000004,"d":"54"},{"v":494.655,"d":"495"},{"v":22000,"d":"22,000"},{"v":10882410,"d":"10,882,410"}]
["TOTAL PRESUPUESTO ANUAL DE MPD - TELA TOP",{"$nulls":8},{"$f":"SUM(J22:J33)","v":{"v":201997400,"d":"$ 201,997,400"}}]
[]
[{"$f":"'Ficha técnica'!B16","v":"Cinta adhesiva termofusible"}]
["MES","DESCRIPCION","UNIDAD DE MEDIDA","CONSUMO POR UNIDAD","PPTO DE PDCCIÓN","INV. INICIAL","INV.     FINAL","MATERIA PRIMA REQUERIDA","COSTO MPD POR MT","COSTO TOTAL MPD"]
[{"$nulls":6},"FINAL"]
["ENERO","Cinta Adhesiva","Mt",{"$f":"+'Ficha técnica'!E16","v":2},{"$f":"+E22","v":{"v":805.5,"d":"806"}},{"$f":"+E39*5%","v":{"v":40.275000000000006,"d":"40"}},{"$f":"+E39*5%","v":{"v":40.275000000000006,"d":"40"}},{"$f":"$D$39*(E39-F39+G39)","v":{"v":1611,"d":"1,611"}},{"$f":"+'Ficha técnica'!$H$16","v":{"v":1500,"d":"1,500"}},{"$f":"+H39*I39","v":{"v":2416500,"d":"2,416,500"}}]
["FEBRERO","Cinta Adhesiva","Mt",null,{"$f":"+E23","v":910},{"$f":"+G39","v":{"v":40.275000000000006,"d":"40"}},{"$f":"+E40*3%","v":{"v":27.3,"d":"27"}},{"$f":"$D$39*(E40-F40+G40)","v":{"v":1794.05,"d":"1,794"}},{"$f":"+I39","v":{"v":1500,"d":"1,500"}},{"$f":"+H40*I40","v":{"v":2691075,"d":"2,691,075"}}]
["MARZO","Cinta Adhesiva","Mt",null,{"v":1292.2000000000003,"d":"1,292"},{"$f":"+G40","v":{"v":27.3,"d":"27"}},{"v":38.766000000000005,"d":"39"},{"v":2607.332000000001,"d":"2,607"},{"$f":"+I40","v":{"v":1500,"d":"1,500"}},{"v":3910998.0000000014,"d":"3,910,998"}]
["ABRIL","Cinta Adhesiva","Mt",null,{"v":1465.1,"d":"1,465"},{"$f":"+G41","v":{"v":38.766000000000005,"d":"39"}},{"v":43.952999999999996,"d":"44"},{"v":2940.5739999999996,"d":"2,941"},{"v":1500,"d":"1,500"},{"v":4410860.999999999,"d":"4,410,861"}]
["MAYO","Cinta Adhesiva","Mt",null,{"v":1838.2,"d":"1,838"},{"v":43.952999999999996,"d":"44"},{"v":55.146,"d":"55"},{"v":3698.786,"d":"3,699"},{"v":1500,"d":"1,500"},{"v":5548179,"d":"5,548,179"}]
["JUNIO","Cinta Adhesiva","Mt",null,{"v":1820,"d":"1,820"},{"v":55.146,"d":"55"},{"v":54.6,"d":"55"},{"v":3638.908,"d":"3,639"},{"v":1500,"d":"1,500"},{"v":5458362,"d":"5,458,362"}]
["JULIO","Cinta Adhesiva","Mt",null,{"v":1437.8,"d":"1,438"},{"v":54.6,"d":"55"},{"v":43.134,"d":"43"},{"v":2852.668,"d":"2,853"},{"v":1500,"d":"1,500"},{"v":4279002,"d":"4,279,002"}]
["AGOSTO","Cinta Adhesiva","Mt",null,{"v":1264.9000000000003,"d":"1,265"},{"v":43.134,"d":"43"},{"v":37.94700000000001,"d":"38"},{"v":2519.426000000001,"d":"2,519"},{"v":1500,"d":"1,500"},{"v":3779139.0000000014,"d":"3,779,139"}]
["SEPTIEMBRE","Cinta Adhesiva","Mt",null,{"v":1465.1,"d":"1,465"},{"v":37.94700000000001,"d":"38"},{"v":43.952999999999996,"d":"44"},{"v":2942.2119999999995,"d":"2,942"},{"v":1500,"d":"1,500"},{"v":4413317.999999999,"d":"4,413,318"}]
["OCTUBRE","Cinta Adhesiva","Mt",null,{"v":2220.3999999999996,"d":"2,220"},{"v":43.952999999999996,"d":"44"},{"v":66.61199999999998,"d":"67"},{"v":4486.1179999999995,"d":"4,486"},{"v":1500,"d":"1,500"},{"v":6729176.999999999,"d":"6,729,177"}]
["NOVIEMBRE","Cinta Adhesiva","Mt",null,{"v":2757.3,"d":"2,757"},{"v":66.61199999999998,"d":"67"},{"v":82.71900000000001,"d":"83"},{"v":5546.814,"d":"5,547"},{"v":1500,"d":"1,500"},{"v":8320221,"d":"8,320,221"}]
["DICIEMBRE","Cinta Adhesiva","Mt",null,{"v":1073.5,"d":"1,074"},{"v":82.71900000000001,"d":"83"},{"$f":"+E50*5%","v":{"v":53.675000000000004,"d":"54"}},{"v":2088.912,"d":"2,089"},{"v":1500,"d":"1,500"},{"v":3133367.9999999995,"d":"3,133,368"}]
["TOTAL PRESUPUESTO ANUAL DE MPD - CINTA ADHESIVA",{"$nulls":8},{"$f":"SUM(J39:J50)","v":{"v":55090200,"d":"$ 55,090,200"}}]
[]
[{"$f":"+'Ficha técnica'!B17","v":"Elástico termosellable"}]
["MES","DESCRIPCION","UNIDAD DE MEDIDA","CONSUMO POR UNIDAD","PPTO DE PDCCIÓN","INV. INICIAL","INV.     FINAL","MATERIA PRIMA REQUERIDA","COSTO MPD POR MT","COSTO TOTAL MPD"]
[{"$nulls":6},"FINAL"]
["ENERO","Elatico Termosellable","Mt",{"$f":"+'Ficha técnica'!E17","v":1},{"$f":"+E39","v":{"v":805.5,"d":"806"}},{"$f":"+E56*5%","v":{"v":40.275000000000006,"d":"40"}},{"$f":"+E56*5%","v":{"v":40.275000000000006,"d":"40"}},{"$f":"$D$56*(E56-F56+G56)","v":{"v":805.5,"d":"806"}},{"$f":"+'Ficha técnica'!$H$17","v":{"v":1000,"d":"1,000"}},{"$f":"+H56*I56","v":{"v":805500,"d":"805,500"}}]
["FEBRERO","Elatico Termosellable","Mt",null,{"$f":"+E40","v":910},{"$f":"+G56","v":{"v":40.275000000000006,"d":"40"}},{"$f":"+E57*5%","v":{"v":45.5,"d":"46"}},{"$f":"$D$56*(E57-F57+G57)","v":{"v":915.225,"d":"915"}},{"$f":"+I56","v":{"v":1000,"d":"1,000"}},{"$f":"+H57*I57","v":{"v":915225,"d":"915,225"}}]
["MARZO","Elatico Termosellable","Mt",null,{"v":1292.2000000000003,"d":"1,292"},{"$f":"+G57","v":{"v":45.5,"d":"46"}},{"v":64.61000000000001,"d":"65"},{"v":1311.3100000000004,"d":"1,311"},{"$f":"+I57","v":{"v":1000,"d":"1,000"}},{"v":1311310.0000000005,"d":"1,311,310"}]
["ABRIL","Elatico Termosellable","Mt",null,{"v":1465.1,"d":"1,465"},{"$f":"+G58","v":{"v":64.61000000000001,"d":"65"}},{"v":73.255,"d":"73"},{"v":1473.745,"d":"1,474"},{"v":1000,"d":"1,000"},{"v":1473745,"d":"1,473,745"}]
["MAYO","Elatico Termosellable","Mt",null,{"v":1838.2,"d":"1,838"},{"v":73.255,"d":"73"},{"v":91.91000000000001,"d":"92"},{"v":1856.8550000000002,"d":"1,857"},{"v":1000,"d":"1,000"},{"v":1856855.0000000002,"d":"1,856,855"}]
["JUNIO","Elatico Termosellable","Mt",null,{"v":1820,"d":"1,820"},{"v":91.91000000000001,"d":"92"},91,{"v":1819.09,"d":"1,819"},{"v":1000,"d":"1,000"},{"v":1819090,"d":"1,819,090"}]
["JULIO","Elatico Termosellable","Mt",null,{"v":1437.8,"d":"1,438"},91,{"v":71.89,"d":"72"},{"v":1418.69,"d":"1,419"},{"v":1000,"d":"1,000"},{"v":1418690,"d":"1,418,690"}]
["AGOSTO","Elatico Termosellable","Mt",null,{"v":1264.9000000000003,"d":"1,265"},{"v":71.89,"d":"72"},{"v":63.24500000000002,"d":"63"},{"v":1256.2550000000003,"d":"1,256"},{"v":1000,"d":"1,000"},{"v":1256255.0000000002,"d":"1,256,255"}]
["SEPTIEMBRE","Elatico Termosellable","Mt",null,{"v":1465.1,"d":"1,465"},{"v":63.24500000000002,"d":"63"},{"v":73.255,"d":"73"},{"v":1475.1099999999997,"d":"1,475"},{"v":1000,"d":"1,000"},{"v":1475109.9999999998,"d":"1,475,110"}]
["OCTUBRE","Elatico Termosellable","Mt",null,{"v":2220.3999999999996,"d":"2,220"},{"v":73.255,"d":"73"},{"v":111.01999999999998,"d":"111"},{"v":2258.1649999999995,"d":"2,258"},{"v":1000,"d":"1,000"},{"v":2258164.9999999995,"d":"2,258,165"}]
["NOVIEMBRE","Elatico Termosellable","Mt",null,{"v":2757.3,"d":"2,757"},{"v":111.01999999999998,"d":"111"},{"v":137.865,"d":"138"},{"v":2784.1450000000004,"d":"2,784"},{"v":1000,"d":"1,000"},{"v":2784145.0000000005,"d":"2,784,145"}]
["DICIEMBRE","Elatico Termosellable","Mt",null,{"v":1073.5,"d":"1,074"},{"v":137.865,"d":"138"},{"v":53.675000000000004,"d":"54"},{"v":989.31,"d":"989"},{"v":1000,"d":"1,000"},{"v":989310,"d":"989,310"}]
["TOTAL PRESUPUESTO ANUAL DE MPD - Elástico Termosellable",{"$nulls":8},{"$f":"SUM(J56:J67)","v":{"v":18363400,"d":"$ 18,363,400"}}]
[]
["TOTAL PRESUPUESTO DE CONSUMO DE MATERIA PRIMA DIRECTA",{"$nulls":8},{"$f":"+J68+J51+J34+J17","v":{"v":550902000,"d":"$ 550,902,000"}}]
[]
[{"$nulls":9},{"$f":"+J70*1%","v":{"v":5509020,"d":"5,509,020.00"}}]

{"sheet":"Procesos Top-Leggins","index":9,"n_rows":7,"n_cols":2,"rows_kept":7}
["Proceso","Minutos por unidad"]
["Diseño",1]
["Corte",1]
["Confección",50]
["Terminado",6]
["Empacado",2]
["Total",{"$f":"SUM(B2:B6)","v":60}]

{"sheet":"Presupuesto MOD 2026","index":10,"n_rows":18,"n_cols":19,"rows_kept":18,"merged":[[3,0,4,0],[3,1,4,1],[3,2,4,2],[3,3,4,3],[3,4,4,4],[3,18,4,18]]}
["Sport Lyne S.a.s"]
["PRESUPUESTO DE MOD"]
["AÑO 2026"]
["Mes","Producción Mensual","Minutos Totales por mes","Horas Totales","Empleados Requeridos","Salario Basico Mensual","Auxilip de transporte","Total Devengado","Caja de Compensación","Aportes AFP","Aportes ARL","Total Seguridad Social","Prima de Servicios","Cesantías","Interés  cesantías","Vacaciones","Dotación","total Factor Prestacional","Total MOD"]
[{"$nulls":3},{"$f":"ROUND(#REF!/60,0)","v":{"$error":"#REF!"}},null,{"v":1800000,"d":"$ 1,800,000"},{"v":220000,"d":"$ 220,000"},{"$f":"SUM(F5:G5)","v":{"v":2020000,"d":"$ 2,020,000"}},{"v":0.04,"d":"4%"},{"v":0.12,"d":"12%"},{"v":0.02436,"d":"2.44%"},{"$f":"SUM(I5:K5)","v":{"v":0.18436,"d":"18.44%"}},{"v":0.0833,"d":"8.33%"},{"v":0.0833,"d":"8.33%"},{"v":0.01,"d":"1%"},{"v":0.0417,"d":"4.17%"},{"v":0.03,"d":"3.00%"},{"$f":"SUM(M5:Q5)","v":{"v":0.2483,"d":"24.83%"}}]
["Enero",{"$f":"+'Presupuesto de consumo de MPD'!E5","v":{"v":805.5,"d":"806"}},{"$f":"B6*'Procesos Top-Leggins'!$B$7","v":{"v":48330,"d":"48,330"}},{"$f":"C6/60","v":{"v":805.5,"d":"806"}},{"$f":"ROUND(D6/182,0)","v":4},{"$f":"+$F$5*E6","v":{"v":7200000,"d":"7,200,000"}},{"$f":"+$G$5*E6","v":{"v":880000,"d":"880,000"}},{"v":8080000,"d":"8,080,000"},{"$f":"F6*$I$5","v":{"v":288000,"d":"288,000"}},{"$f":"F6*$J$5","v":{"v":864000,"d":"864,000"}},{"$f":"F6*$K$5","v":{"v":175392,"d":"175,392"}},{"$f":"SUM(I6:K6)","v":{"v":1327392,"d":"1,327,392"}},{"$f":"+(H6)*$M$5","v":{"v":673064,"d":"673,064"}},{"$f":"H6*$N$5","v":{"v":673064,"d":"673,064"}},{"$f":"H6*$O$5","v":{"v":80800,"d":"80,800"}},{"$f":"F6*$P$5","v":{"v":300240,"d":"300,240"}},{"$f":"F6*$Q$5","v":{"v":216000,"d":"216,000"}},{"$f":"SUM(M6:Q6)","v":{"v":1943168,"d":"1,943,168"}},{"$f":"+H6+L6+R6","v":{"v":11350560,"d":"11,350,560"}}]
["Febrero",{"$f":"+'Presupuesto de consumo de MPD'!E6","v":910},{"$f":"B7*'Procesos Top-Leggins'!$B$7","v":{"v":54600,"d":"54,600"}},{"$f":"C7/60","v":910},{"$f":"ROUND(D7/182,0)","v":5},{"$f":"+$F$5*E7","v":{"v":9000000,"d":"9,000,000"}},{"$f":"+$G$5*E7","v":{"v":1100000,"d":"1,100,000"}},{"v":10100000,"d":"10,100,000"},{"$f":"F7*$I$5","v":{"v":360000,"d":"360,000"}},{"$f":"F7*$J$5","v":{"v":1080000,"d":"1,080,000"}},{"$f":"F7*$K$5","v":{"v":219240,"d":"219,240"}},{"v":1659240,"d":"1,659,240"},{"$f":"+(H7)*$M$5","v":{"v":841330,"d":"841,330"}},{"$f":"H7*$N$5","v":{"v":841330,"d":"841,330"}},{"$f":"H7*$O$5","v":{"v":101000,"d":"101,000"}},{"$f":"F7*$P$5","v":{"v":375300,"d":"375,300"}},{"$f":"F7*$Q$5","v":{"v":270000,"d":"270,000"}},{"v":2428960,"d":"2,428,960"},{"$f":"+H7+L7+R7","v":{"v":14188200,"d":"14,188,200"}}]
["Marzo",{"$f":"+'Presupuesto de consumo de MPD'!E7","v":{"v":1292.2000000000003,"d":"1,292"}},{"$f":"B8*'Procesos Top-Leggins'!$B$7","v":{"v":77532.00000000001,"d":"77,532"}},{"v":1292.2000000000003,"d":"1,292"},7,{"v":12600000,"d":"12,600,000"},{"v":1540000,"d":"1,540,000"},{"v":14140000,"d":"14,140,000"},{"v":504000,"d":"504,000"},{"v":1512000,"d":"1,512,000"},{"v":306936,"d":"306,936"},{"v":2322936,"d":"2,322,936"},{"v":1177862,"d":"1,177,862"},{"v":1177862,"d":"1,177,862"},{"v":141400,"d":"141,400"},{"v":525420,"d":"525,420"},{"v":378000,"d":"378,000"},{"v":3400544,"d":"3,400,544"},{"v":19863480,"d":"19,863,480"}]
["Abril",{"$f":"+'Presupuesto de consumo de MPD'!E8","v":{"v":1465.1,"d":"1,465"}},{"$f":"B9*'Procesos Top-Leggins'!$B$7","v":{"v":87906,"d":"87,906"}},{"v":1465.1,"d":"1,465"},8,{"v":14400000,"d":"14,400,000"},{"v":1760000,"d":"1,760,000"},{"v":16160000,"d":"16,160,000"},{"v":576000,"d":"576,000"},{"v":1728000,"d":"1,728,000"},{"v":350784,"d":"350,784"},{"v":2654784,"d":"2,654,784"},{"v":1346128,"d":"1,346,128"},{"v":1346128,"d":"1,346,128"},{"v":161600,"d":"161,600"},{"v":600480,"d":"600,480"},{"v":432000,"d":"432,000"},{"v":3886336,"d":"3,886,336"},{"v":22701120,"d":"22,701,120"}]
["Mayo",{"$f":"+'Presupuesto de consumo de MPD'!E9","v":{"v":1838.2,"d":"1,838"}},{"$f":"B10*'Procesos Top-Leggins'!$B$7","v":{"v":110292,"d":"110,292"}},{"v":1838.2,"d":"1,838"},10,{"v":18000000,"d":"18,000,000"},{"v":2200000,"d":"2,200,000"},{"v":20200000,"d":"20,200,000"},{"v":720000,"d":"720,000"},{"v":2160000,"d":"2,160,000"},{"v":438480,"d":"438,480"},{"v":3318480,"d":"3,318,480"},{"v":1682660,"d":"1,682,660"},{"v":1682660,"d":"1,682,660"},{"v":202000,"d":"202,000"},{"v":750600,"d":"750,600"},{"v":540000,"d":"540,000"},{"v":4857920,"d":"4,857,920"},{"v":28376400,"d":"28,376,400"}]
["Junio",{"$f":"+'Presupuesto de consumo de MPD'!E10","v":{"v":1820,"d":"1,820"}},{"$f":"B11*'Procesos Top-Leggins'!$B$7","v":{"v":109200,"d":"109,200"}},{"v":1820,"d":"1,820"},10,{"v":18000000,"d":"18,000,000"},{"v":2200000,"d":"2,200,000"},{"v":20200000,"d":"20,200,000"},{"v":720000,"d":"720,000"},{"v":2160000,"d":"2,160,000"},{"v":438480,"d":"438,480"},{"v":3318480,"d":"3,318,480"},{"v":1682660,"d":"1,682,660"},{"v":1682660,"d":"1,682,660"},{"v":202000,"d":"202,000"},{"v":750600,"d":"750,600"},{"v":540000,"d":"540,000"},{"v":4857920,"d":"4,857,920"},{"v":28376400,"d":"28,376,400"}]
["Julio",{"$f":"+'Presupuesto de consumo de MPD'!E11","v":{"v":1437.8,"d":"1,438"}},{"$f":"B12*'Procesos Top-Leggins'!$B$7","v":{"v":86268,"d":"86,268"}},{"v":1437.8,"d":"1,438"},8,{"v":14400000,"d":"14,400,000"},{"v":1760000,"d":"1,760,000"},{"v":16160000,"d":"16,160,000"},{"v":576000,"d":"576,000"},{"v":1728000,"d":"1,728,000"},{"v":350784,"d":"350,784"},{"v":2654784,"d":"2,654,784"},{"v":1346128,"d":"1,346,128"},{"v":1346128,"d":"1,346,128"},{"v":161600,"d":"161,600"},{"v":600480,"d":"600,480"},{"v":432000,"d":"432,000"},{"v":3886336,"d":"3,886,336"},{"v":22701120,"d":"22,701,120"}]
["Agosto",{"$f":"+'Presupuesto de consumo de MPD'!E12","v":{"v":1264.9000000000003,"d":"1,265"}},{"$f":"B13*'Procesos Top-Leggins'!$B$7","v":{"v":75894.00000000001,"d":"75,894"}},{"v":1264.9000000000003,"d":"1,265"},7,{"v":12600000,"d":"12,600,000"},{"v":1540000,"d":"1,540,000"},{"v":14140000,"d":"14,140,000"},{"v":504000,"d":"504,000"},{"v":1512000,"d":"1,512,000"},{"v":306936,"d":"306,936"},{"v":2322936,"d":"2,322,936"},{"v":1177862,"d":"1,177,862"},{"v":1177862,"d":"1,177,862"},{"v":141400,"d":"141,400"},{"v":525420,"d":"525,420"},{"v":378000,"d":"378,000"},{"v":3400544,"d":"3,400,544"},{"v":19863480,"d":"19,863,480"}]
["Septiembre",{"$f":"+'Presupuesto de consumo de MPD'!E13","v":{"v":1465.1,"d":"1,465"}},{"$f":"B14*'Procesos Top-Leggins'!$B$7","v":{"v":87906,"d":"87,906"}},{"v":1465.1,"d":"1,465"},8,{"v":14400000,"d":"14,400,000"},{"v":1760000,"d":"1,760,000"},{"v":16160000,"d":"16,160,000"},{"v":576000,"d":"576,000"},{"v":1728000,"d":"1,728,000"},{"v":350784,"d":"350,784"},{"v":2654784,"d":"2,654,784"},{"v":1346128,"d":"1,346,128"},{"v":1346128,"d":"1,346,128"},{"v":161600,"d":"161,600"},{"v":600480,"d":"600,480"},{"v":432000,"d":"432,000"},{"v":3886336,"d":"3,886,336"},{"v":22701120,"d":"22,701,120"}]
["Octubre",{"$f":"+'Presupuesto de consumo de MPD'!E14","v":{"v":2220.3999999999996,"d":"2,220"}},{"$f":"B15*'Procesos Top-Leggins'!$B$7","v":{"v":133223.99999999997,"d":"133,224"}},{"v":2220.3999999999996,"d":"2,220"},12,{"v":21600000,"d":"21,600,000"},{"v":2640000,"d":"2,640,000"},{"v":24240000,"d":"24,240,000"},{"v":864000,"d":"864,000"},{"v":2592000,"d":"2,592,000"},{"v":526176,"d":"526,176"},{"v":3982176,"d":"3,982,176"},{"v":2019192,"d":"2,019,192"},{"v":2019192,"d":"2,019,192"},{"v":242400,"d":"242,400"},{"v":900720,"d":"900,720"},{"v":648000,"d":"648,000"},{"v":5829504,"d":"5,829,504"},{"v":34051680,"d":"34,051,680"}]
["Noviembre",{"$f":"+'Presupuesto de consumo de MPD'!E15","v":{"v":2757.3,"d":"2,757"}},{"$f":"B16*'Procesos Top-Leggins'!$B$7","v":{"v":165438,"d":"165,438"}},{"v":2757.3,"d":"2,757"},15,{"v":27000000,"d":"27,000,000"},{"v":3300000,"d":"3,300,000"},{"v":30300000,"d":"30,300,000"},{"v":1080000,"d":"1,080,000"},{"v":3240000,"d":"3,240,000"},{"v":657720,"d":"657,720"},{"v":4977720,"d":"4,977,720"},{"v":2523990,"d":"2,523,990"},{"v":2523990,"d":"2,523,990"},{"v":303000,"d":"303,000"},{"v":1125900,"d":"1,125,900"},{"v":810000,"d":"810,000"},{"v":7286880,"d":"7,286,880"},{"v":42564600,"d":"42,564,600"}]
["Diciembre",{"$f":"+'Presupuesto de consumo de MPD'!E16","v":{"v":1073.5,"d":"1,074"}},{"$f":"B17*'Procesos Top-Leggins'!$B$7","v":{"v":64410,"d":"64,410"}},{"v":1073.5,"d":"1,074"},6,{"v":10800000,"d":"10,800,000"},{"v":1320000,"d":"1,320,000"},{"v":12120000,"d":"12,120,000"},{"v":432000,"d":"432,000"},{"v":1296000,"d":"1,296,000"},{"v":263088,"d":"263,088"},{"v":1991088,"d":"1,991,088"},{"v":1009596,"d":"1,009,596"},{"v":1009596,"d":"1,009,596"},{"v":121200,"d":"121,200"},{"v":450360,"d":"450,360"},{"v":324000,"d":"324,000"},{"v":2914752,"d":"2,914,752"},{"v":17025840,"d":"17,025,840"}]
["TOTAL AÑO",{"$f":"+SUM(B6:B17)","v":{"v":18350,"d":"18,350"}},{"$f":"+SUM(C6:C17)","v":{"v":1101000,"d":"1,101,000"}},{"$f":"+SUM(D6:D17)","v":{"v":18350,"d":"18,350"}},{"$f":"+SUM(E6:E17)","v":100},{"$f":"SUM(F6:F17)","v":{"v":180000000,"d":"$ 180,000,000"}},{"v":22000000,"d":"$ 22,000,000"},{"v":202000000,"d":"$ 202,000,000"},{"v":7200000,"d":"$ 7,200,000"},{"v":21600000,"d":"$ 21,600,000"},{"v":4384800,"d":"$ 4,384,800"},{"v":33184800,"d":"$ 33,184,800"},{"$f":"SUBTOTAL(109,M6:M17)","v":{"v":16826600,"d":"$ 16,826,600"}},{"v":16826600,"d":"$ 16,826,600"},{"v":2020000,"d":"$ 2,020,000"},{"v":7506000,"d":"$ 7,506,000"},{"v":5400000,"d":"$ 5,400,000"},{"v":48579200,"d":"$ 48,579,200"},{"v":283764000,"d":"$ 283,764,000"}]

{"sheet":"Datos Ppto de CIF","index":11,"n_rows":39,"n_cols":14,"rows_kept":39,"merged":[[0,0,0,4],[1,0,9,0],[1,3,9,4],[11,0,34,0],[12,1,16,1],[14,8,15,9],[17,1,17,4],[18,1,22,1],[23,1,23,4],[24,1,28,1],[29,1,29,4],[30,1,34,1]]}
["DATOS GENERALES PARA CALCULAR LOS CIF"]
["CIF FIJOS mensuales 2025","Arrendamiento de bodega",{"v":5000000,"d":"5,000,000"},{"$nulls":4},"Depreciacion de maquinaria "]
[null,"Seguros",{"v":500000,"d":"500,000"},{"$nulls":4},{"v":120000000,"d":"120,000,000"},"Vida util en meses",120,{"$f":"+H3/J3","v":{"v":1000000,"d":"1,000,000.00"}}]
[null,"Mano de obra indirecta",{"v":3000000,"d":"3,000,000"}]
[null,"Depreciaciones linea recta",{"v":1000000,"d":"1,000,000"}]
[null,"Vigilancia",{"v":1000000,"d":"1,000,000"}]
[]
[null,"TOTAL  CIF FIJOS",{"$f":"SUM(C2:C7)","v":{"v":10500000,"d":"10,500,000"}}]
[null,"TOTAL   CIF FIJOS (SemiV)",{"$f":"J38","v":{"v":1916667,"d":"1,916,667"}}]
[null,"TOTAL CIF FIJOS X MES",{"$f":"SUM(C8:C9)","v":{"v":12416667,"d":"12,416,667"}}]
[{"$nulls":5},"y= a+b*X"]
["CIF VARIABLES Históricos","CONCEPTO","AÑO","UNID. PROD","COSTO TOTAL",{"v":10500000,"d":"10,500,000"}]
[null,"Material de empaque e indirectos",{"v":2021,"d":"2,021"},{"v":12000,"d":"12,000"},{"v":9000000,"d":"9,000,000"},"PUNTO BAJO ",{"$f":"D13","v":{"v":12000,"d":"12,000"}},{"$f":"E13","v":{"v":9000000,"d":"9,000,000"}},null,null,"Y = a + b(x) → Material de Empaque"]
[null,null,{"v":2022,"d":"2,022"},{"v":15000,"d":"15,000"},{"v":9000000,"d":"9,000,000"},{"$nulls":5},"72.000.000 = a + 500 (120.000)",null,null,"9.000.000 = a + b (12.000)"]
[null,null,{"v":2023,"d":"2,023"},{"v":13000,"d":"13,000"},{"v":9000000,"d":"9,000,000"},{"$nulls":3},"y= a+(b*X)",null,"72.000.000 = a + 60.000.000",null,null,"9.000.000 = a + 6.000.000"]
[null,null,{"v":2024,"d":"2,024"},{"v":15000,"d":"15,000"},{"v":10000000,"d":"10,000,000"},{"$nulls":5},"a = 12.000.000",null,null,"a = 3.000.000"]
[null,null,{"v":2025,"d":"2,025"},{"v":18000,"d":"18,000"},{"v":12000000,"d":"12,000,000"},"PUNTO ALTO",{"$f":"D17","v":{"v":18000,"d":"18,000"}},{"$f":"E17","v":{"v":12000000,"d":"12,000,000"}},"UNIDADES",null,"b = 3.000.000 / 12 = 250.000 → mes"]
[{"$nulls":6},{"$f":"G17-G13","v":{"v":6000,"d":"6,000"}},{"$f":"H17-H13","v":{"v":3000000,"d":"3,000,000"}},{"$f":"H18/G18","v":500},{"v":250000,"d":"$ 250,000.00"}]
[null,"Aseo y cafeteria",{"v":2021,"d":"2,021"},{"v":12000,"d":"12,000"},{"v":10000000,"d":"10,000,000"},"PUNTO BAJO ",{"v":12000,"d":"12,000"},{"v":10000000,"d":"10,000,000"},null,null,"PASO 2 – Energía Eléctrica"]
[null,null,{"v":2022,"d":"2,022"},{"v":15000,"d":"15,000"},{"v":12000000,"d":"12,000,000"},{"$nulls":5},"16.000.000 = a + 1000 (18.000)"]
[null,null,{"v":2023,"d":"2,023"},{"v":13000,"d":"13,000"},{"v":13000000,"d":"13,000,000"},{"$nulls":5},"16.000.000 = a + 18.000.000"]
[null,null,{"v":2024,"d":"2,024"},{"v":15000,"d":"15,000"},{"v":13000000,"d":"13,000,000"},{"$nulls":5},"a = 18.000.000 - 16.000.000"]
[null,null,{"v":2025,"d":"2,025"},{"v":18000,"d":"18,000"},{"v":16000000,"d":"16,000,000"},"PUNTO ALTO",{"v":18000,"d":"18,000"},{"v":16000000,"d":"16,000,000"},"UNIDADES",null,"a = 2.000.000 / 12 = 166.667 → mes"]
[{"$nulls":6},{"$f":"G23-G19","v":{"v":6000,"d":"6,000"}},{"$f":"H23-H19","v":{"v":6000000,"d":"6,000,000"}},{"$f":"H24/G24","v":1000},{"v":166667,"d":"$ 166,667.00"}]
[null,"Servicios Publicos",{"v":2021,"d":"2,021"},{"v":12000,"d":"12,000"},{"v":24000000,"d":"24,000,000"},"PUNTO BAJO ",{"v":12000,"d":"12,000"},{"v":24000000,"d":"24,000,000"},null,null,"Servicios Públicos"]
[null,null,{"v":2022,"d":"2,022"},{"v":15000,"d":"15,000"},{"v":26000000,"d":"26,000,000"},{"$nulls":5},"30.000.000 = a + 1000 (18.000)"]
[null,null,{"v":2023,"d":"2,023"},{"v":13000,"d":"13,000"},{"v":25000000,"d":"25,000,000"},{"$nulls":5},"30.000.000 = a + 18.000.000"]
[null,null,{"v":2024,"d":"2,024"},{"v":15000,"d":"15,000"},{"v":27000000,"d":"27,000,000"},{"$nulls":5},"a = 30.000.000 - 18.000.000"]
[null,null,{"v":2025,"d":"2,025"},{"v":18000,"d":"18,000"},{"v":30000000,"d":"30,000,000"},"PUNTO ALTO",{"v":18000,"d":"18,000"},{"v":30000000,"d":"30,000,000"},"UNIDADES",null,"a = 12.000.000 / 12 = 1.000.000 → mes"]
[{"$nulls":6},{"$f":"G29-G25","v":{"v":6000,"d":"6,000"}},{"$f":"H29-H25","v":{"v":6000000,"d":"6,000,000"}},{"$f":"H30/G30","v":1000},{"v":1000000,"d":"$ 1,000,000.00"}]
[null,"Mantenimiento, lubricantes y repuestos",{"v":2021,"d":"2,021"},{"v":12000,"d":"12,000"},{"v":6000000,"d":"6,000,000"},"PUNTO BAJO ",{"v":12000,"d":"12,000"},{"v":6000000,"d":"6,000,000"},null,null,"Mantenimiento"]
[null,null,{"v":2022,"d":"2,022"},{"v":15000,"d":"15,000"},{"v":7000000,"d":"7,000,000"},{"$nulls":5},"12.000.000 = a + 1000 (10.000)"]
[null,null,{"v":2023,"d":"2,023"},{"v":13000,"d":"13,000"},{"v":7000000,"d":"7,000,000"},{"$nulls":5},"12.000.000 = a + 10.000.000"]
[null,null,{"v":2024,"d":"2,024"},{"v":15000,"d":"15,000"},{"v":8000000,"d":"8,000,000"},{"$nulls":5},"a = 18.000.000 - 12.000.000 = 6.000.000 / 12"]
[null,null,{"v":2025,"d":"2,025"},{"v":18000,"d":"18,000"},{"v":12000000,"d":"12,000,000"},"PUNTO ALTO",{"v":18000,"d":"18,000"},{"v":12000000,"d":"12,000,000"},"UNIDADES",null,"a = 500.000 → mes"]
[{"$nulls":6},{"$f":"G35-G31","v":{"v":6000,"d":"6,000"}},{"$f":"H35-H31","v":{"v":6000000,"d":"6,000,000"}},{"$f":"H36/G36","v":1000},{"v":500000,"d":"$ 500,000.00"}]
[null,"Y=a+b*X"]
[{"$nulls":7},"TOTALES",{"$f":"SUM(I18:I36)","v":{"v":3500,"d":"$ 3,500.00"}},{"$f":"SUM(J18:J36)","v":{"v":1916667,"d":"$ 1,916,667.00"}}]
[null,"CIF PRESUPUESTO= FIJA + SEMI UNIDAD "]

{"sheet":"Ppto de Cif","index":12,"n_rows":15,"n_cols":7,"rows_kept":15,"merged":[[0,0,0,4]]}
["PRESUPUESTO DE CIF AÑO 2026"]
["MES","PPTO PROD.","CIF FIJOS X MES","CIF VARIABLES POR MES","TOTAL CIF","NOTA: LOS 3.500 SALEN DE LAS SUMA DE LAS UNIDADES DE LA SEMI VARIABLE "]
["Enero",{"$f":"+'Presupuesto MOD 2026'!B6","v":{"v":805.5,"d":"806"}},{"$f":"+'Datos Ppto de CIF'!$C$10","v":{"v":12416667,"d":"12,416,667"}},{"$f":"+B3*'Datos Ppto de CIF'!$I$38","v":{"v":2819250,"d":"2,819,250"}},{"$f":"C3+D3","v":{"v":15235917,"d":"15,235,917"}},"Mat. x Emp: 3.000.000 + 500(x)",500]
["Febrero",{"$f":"+'Presupuesto MOD 2026'!B7","v":910},{"$f":"+'Datos Ppto de CIF'!$C$10","v":{"v":12416667,"d":"12,416,667"}},{"$f":"+B4*'Datos Ppto de CIF'!$I$38","v":{"v":3185000,"d":"3,185,000"}},{"$f":"C4+D4","v":{"v":15601667,"d":"15,601,667"}},"Aseo y Caf: 2.000.000 + 1.000(x)",1000]
["Marzo",{"$f":"+'Presupuesto MOD 2026'!B8","v":{"v":1292.2000000000003,"d":"1,292"}},{"$f":"+'Datos Ppto de CIF'!$C$10","v":{"v":12416667,"d":"12,416,667"}},{"$f":"+B5*'Datos Ppto de CIF'!$I$38","v":{"v":4522700.000000001,"d":"4,522,700"}},{"v":16939367,"d":"16,939,367"},"Serv. pub: 12.000.000 + 1.000(x)",1000]
["Abril",{"$f":"+'Presupuesto MOD 2026'!B9","v":{"v":1465.1,"d":"1,465"}},{"$f":"+'Datos Ppto de CIF'!$C$10","v":{"v":12416667,"d":"12,416,667"}},{"$f":"+B6*'Datos Ppto de CIF'!$I$38","v":{"v":5127850,"d":"5,127,850"}},{"v":17544517,"d":"17,544,517"},"Mto y Lobr: 6.000.000 + 1.000(x)",1000]
["Mayo",{"$f":"+'Presupuesto MOD 2026'!B10","v":{"v":1838.2,"d":"1,838"}},{"$f":"+'Datos Ppto de CIF'!$C$10","v":{"v":12416667,"d":"12,416,667"}},{"$f":"+B7*'Datos Ppto de CIF'!$I$38","v":{"v":6433700,"d":"6,433,700"}},{"v":18850367,"d":"18,850,367"},"Total: 3.500",{"$f":"SUM(G3:G6)","v":3500}]
["Junio",{"$f":"+'Presupuesto MOD 2026'!B11","v":{"v":1820,"d":"1,820"}},{"$f":"+'Datos Ppto de CIF'!$C$10","v":{"v":12416667,"d":"12,416,667"}},{"$f":"+B8*'Datos Ppto de CIF'!$I$38","v":{"v":6370000,"d":"6,370,000"}},{"v":18786667,"d":"18,786,667"}]
["Julio",{"$f":"+'Presupuesto MOD 2026'!B12","v":{"v":1437.8,"d":"1,438"}},{"$f":"+'Datos Ppto de CIF'!$C$10","v":{"v":12416667,"d":"12,416,667"}},{"$f":"+B9*'Datos Ppto de CIF'!$I$38","v":{"v":5032300,"d":"5,032,300"}},{"v":17448967,"d":"17,448,967"},"23.000.000 ÷ 12 = 1.916.667"]
["Agosto",{"$f":"+'Presupuesto MOD 2026'!B13","v":{"v":1264.9000000000003,"d":"1,265"}},{"$f":"+'Datos Ppto de CIF'!$C$10","v":{"v":12416667,"d":"12,416,667"}},{"$f":"+B10*'Datos Ppto de CIF'!$I$38","v":{"v":4427150.000000001,"d":"4,427,150"}},{"v":16843817,"d":"16,843,817"}]
["Septiembre",{"$f":"+'Presupuesto MOD 2026'!B14","v":{"v":1465.1,"d":"1,465"}},{"$f":"+'Datos Ppto de CIF'!$C$10","v":{"v":12416667,"d":"12,416,667"}},{"$f":"+B11*'Datos Ppto de CIF'!$I$38","v":{"v":5127850,"d":"5,127,850"}},{"v":17544517,"d":"17,544,517"}]
["Octubre",{"$f":"+'Presupuesto MOD 2026'!B15","v":{"v":2220.3999999999996,"d":"2,220"}},{"$f":"+'Datos Ppto de CIF'!$C$10","v":{"v":12416667,"d":"12,416,667"}},{"$f":"+B12*'Datos Ppto de CIF'!$I$38","v":{"v":7771399.999999999,"d":"7,771,400"}},{"v":20188067,"d":"20,188,067"}]
["Noviembre",{"$f":"+'Presupuesto MOD 2026'!B16","v":{"v":2757.3,"d":"2,757"}},{"$f":"+'Datos Ppto de CIF'!$C$10","v":{"v":12416667,"d":"12,416,667"}},{"$f":"+B13*'Datos Ppto de CIF'!$I$38","v":{"v":9650550,"d":"9,650,550"}},{"v":22067217,"d":"22,067,217"}]
["Diciembre",{"$f":"+'Presupuesto MOD 2026'!B17","v":{"v":1073.5,"d":"1,074"}},{"$f":"+'Datos Ppto de CIF'!$C$10","v":{"v":12416667,"d":"12,416,667"}},{"$f":"+B14*'Datos Ppto de CIF'!$I$38","v":{"v":3757250,"d":"3,757,250"}},{"v":16173917,"d":"16,173,917"}]
["TOTALES",{"$f":"SUM(B3:B14)","v":{"v":18350,"d":"$ 18,350"}},{"$f":"SUM(C3:C14)","v":{"v":149000004,"d":"$ 149,000,004"}},{"$f":"SUM(D3:D14)","v":{"v":64225000,"d":"$ 64,225,000"}},{"$f":"SUM(E3:E14)","v":{"v":213225004,"d":"$ 213,225,004"}}]

{"sheet":"CEDULA PRESUPUESTAL","index":13,"n_rows":18,"n_cols":5,"rows_kept":18,"merged":[[1,1,1,5],[5,1,5,2],[11,1,11,2],[12,1,12,2],[17,2,17,3]]}
[]
[null,"Cédula: Presupuesto total"]
[]
[null,"Ventas proyect: 18.200 = P.V. ?",{"$f":"'Resumen Presup de ventas'!B5","v":{"v":18200,"d":"18,200"}}]
[]
[null,"Costos"]
[null,"M.P.D.  →    $550.902.000",{"$f":"'Presupuesto de consumo de MPD'!J70","v":{"v":550902000,"d":"550,902,000"}}]
[null,"M.O.D. →    $283.764.000",{"$f":"'Presupuesto MOD 2026'!S18","v":{"v":283764000,"d":"283,764,000"}}]
[null,"C.I.F.    →      $213.225.004",{"$f":"'Ppto de Cif'!E15","v":{"v":213225004,"d":"213,225,004"}}]
[null,"COSTO TOTAL",{"$f":"SUM(C7:C9)","v":{"v":1047891004,"d":"1,047,891,004"}}]
[]
[null,"Costo total: 1.047.891.004 ÷ Ppto de ventas"]
[null,{"$f":"+C10/'Resumen Presup de ventas'!B5","v":{"v":57576.42879120879,"d":"$ 57,576.43"}}]
[]
[null,"Concepto","Unidades","Pr. Venta","Totales"]
[null,"Presupuesto de ventas proyectado",{"$f":"'Resumen Presup de ventas'!B5","v":{"v":18200,"d":"18,200"}},{"v":105000,"d":"$ 105,000"},{"$f":"C16*D16","v":{"v":1911000000,"d":"1,911,000,000"}}]
[null,"Presupuesto de costos",{"v":18200,"d":"18,200"},{"$f":"+B13","v":{"v":57576.42879120879,"d":"$ 57,576"}},{"$f":"+C17*D17","v":{"v":1047891004,"d":"1,047,891,004"}}]
[null,null,"Utilidad operacional ",null,{"$f":"E16-E17","v":{"v":863108996,"d":"863,108,996"}}]

{"sheet":"Datos para el presupuesto Final","index":14,"n_rows":7,"n_cols":1,"rows_kept":7,"merged":[[0,0,0,13],[1,0,1,13],[2,0,2,13],[3,0,3,13],[4,0,4,13],[5,0,5,13],[6,0,6,13],[7,0,7,13],[8,0,8,13],[9,0,9,13],[10,0,10,13],[11,0,11,13],[12,0,12,13]]}
["Para proyectar las ventas del año 2026, la empresa tendrá como política central, obtener un margen de rentabilidad en la venta de cada conjunto del 45%, redondeado al múltiplo de 1000 mas cercano."]
["Los ingresos por aprovechamientos, corresponde al material de desperdicio o sobrante en materias primas que se venden a otras empresas para su reprocesamiento y por lo geeneral se estima en un 1% del valor de las MPD consumidas durante el año"]
["Los gastos diversos corresponden generalmente a los gasto pagados por caja menor y la politica es prsupuestar el 1% de las Ventas Brutas presupuestadas de cada año"]
["Para proyectar los gastos de administración y ventas para el periodo 2026 la propuesta es una vez identificadas las necesidades en cada una de las áreas, aplicar el promedio de la inflación de los ultimos 3 años."]
["Los ingresos financieros, se proyecta para el año 2026 que tenga un incremento del 8% con relación al año 2025"]
["Los costos por préstamos corresponde a una obligación financiera la cual genera unos costos financieros equivalente al Promedio de la inflación en los ultimos 3 años."]
["En cuanto a la Utilidad Neta proyectada para la vigencia 2026, la empresa presupuesta, aprovechando el auge del marketing por redes sociales y la cultura del deporte y ejercicio saludable en las personas, un promedio de utilidad neta despues de impuesto de renta entre el 5 y 10%, para dar cumplimiento al retorno de la inversión inicial que se espera se dé en 6 años de los cuales ya han transcurrido 5 años con un nivel de rentabilidad  bajo en los ultimos 3 años."]

{"sheet":"E de R ","index":15,"n_rows":44,"n_cols":13,"rows_kept":44,"merged":[[0,0,0,2],[1,0,1,2],[2,0,2,2],[3,0,3,2],[5,0,6,0],[5,1,5,2],[5,4,5,5],[5,7,5,8],[5,10,5,11]]}
["SportLyne S.a.s"]
[" Nit: 890 000-00-1"]
["Estado de resultados Integral"]
["De enero a diciembre de 2026"]
[]
["CONCEPTO",2023,null,"%",2024,null,"%",2025,null,"%",2026,null,"%"]
[null,"SUBTOTAL ","VALORES",null,"SUBTOTAL","VALORES",null,"SUBTOTAL ","VALORES",null,"SUBTOTAL ","VALORES"]
["Ingresos Netos  por actividades ordinarias",null,{"$f":"13000*90000","v":{"v":1170000000,"d":"1,170,000,000"}},null,null,{"$f":"15000*95000","v":{"v":1425000000,"d":"1,425,000,000"}},null,null,{"$f":"18000*100000","v":{"v":1800000000,"d":"1,800,000,000"}}]
["(Menos) Comercio al por menor y por mayor ventas de…"]
["(Menos Devoluciones y Descuentos en ventas"]
["(Menos) Costo por actividades ordinarias",{"$f":"+C8*0.65","v":{"v":760500000,"d":"760,500,000"}},{"$f":"+B11","v":{"v":760500000,"d":"760,500,000"}},null,{"$f":"+F8*0.65","v":{"v":926250000,"d":"926,250,000"}},{"$f":"+E11","v":{"v":926250000,"d":"926,250,000"}},null,{"$f":"+I8*0.7","v":{"v":1260000000,"d":"1,260,000,000"}},{"$f":"+H11","v":{"v":1260000000,"d":"1,260,000,000"}},null,null,{"$f":"+K11","v":0}]
["(Igual) Utilidad por actividades ordinarias",null,{"$f":"C8-B11","v":{"v":409500000,"d":"409,500,000"}},null,null,{"$f":"F8-E11","v":{"v":498750000,"d":"498,750,000"}},null,null,{"$f":"I8-H11","v":{"v":540000000,"d":"540,000,000"}},null,null,{"$f":"L8-K11","v":0}]
["(Más) Otros ingresos",null,{"$f":"+B14","v":{"v":3800000,"d":"3,800,000"}},null,null,{"$f":"+E14","v":{"v":4500000,"d":"4,500,000"}},null,null,{"$f":"+H14","v":{"v":4900000,"d":"4,900,000"}},null,null,{"$f":"+K14","v":0}]
["Aprovechamientos",{"v":3800000,"d":"3,800,000"},null,null,{"v":4500000,"d":"4,500,000"},null,null,{"v":4900000,"d":"4,900,000"}]
["(Menos) Otros gastos no operacionales",null,{"$f":"-B16","v":{"v":-11700000,"d":"-11,700,000"}},null,null,{"$f":"-E16","v":{"v":-14250000,"d":"-14,250,000"}},null,null,{"$f":"-H16","v":{"v":-18000000,"d":"-18,000,000"}},null,null,{"$f":"-K16","v":0}]
["Diversos",{"v":11700000,"d":"11,700,000"},null,null,{"v":14250000,"d":"14,250,000"},null,null,{"v":18000000,"d":"18,000,000"}]
["(Menos) Gastos ordinarios",null,{"$f":"+B18+B26","v":{"v":331410000,"d":"331,410,000"}},null,null,{"$f":"+E18+E26","v":{"v":372900000,"d":"372,900,000"}},null,null,{"$f":"+H18+H26","v":{"v":412280000,"d":"412,280,000"}},null,null,{"$f":"+K18+K26","v":0}]
["Gastos de administración",{"$f":"SUM(B19:B25)","v":{"v":239900000,"d":"239,900,000"}},null,null,{"$f":"SUM(E19:E25)","v":{"v":255100000,"d":"255,100,000"}},null,null,{"$f":"SUM(H19:H25)","v":{"v":282700000,"d":"282,700,000"}},null,null,{"$f":"SUM(K19:K25)","v":0}]
["Salarios",{"v":85000000,"d":"85,000,000"},null,null,{"v":93000000,"d":"93,000,000"},null,null,{"v":102300000,"d":"102,300,000"}]
["Honorarios",{"v":15000000,"d":"15,000,000"},null,null,{"v":12000000,"d":"12,000,000"},null,null,{"v":13200000,"d":"13,200,000"}]
["Arrendamiento",{"v":54000000,"d":"54,000,000"},null,null,{"v":60000000,"d":"60,000,000"},null,null,{"v":66000000,"d":"66,000,000"}]
["Servicios",{"v":35900000,"d":"35,900,000"},null,null,{"v":38000000,"d":"38,000,000"},null,null,{"v":41800000,"d":"41,800,000"}]
["Seguros",{"v":24000000,"d":"24,000,000"},null,null,{"v":28600000,"d":"28,600,000"},null,null,{"v":31400000,"d":"31,400,000"}]
["Mantenimiento",{"v":18000000,"d":"18,000,000"},null,null,{"v":17000000,"d":"17,000,000"},null,null,{"v":19000000,"d":"19,000,000"}]
["Gastos Legales",{"v":8000000,"d":"8,000,000"},null,null,{"v":6500000,"d":"6,500,000"},null,null,{"v":9000000,"d":"9,000,000"}]
["Gastos de ventas",{"$f":"+SUM(B27:B32)","v":{"v":91510000,"d":"91,510,000"}},null,null,{"$f":"+SUM(E27:E32)","v":{"v":117800000,"d":"117,800,000"}},null,null,{"$f":"+SUM(H27:H32)","v":{"v":129580000,"d":"129,580,000"}},null,null,{"$f":"+SUM(K27:K32)","v":0}]
["Salarios",{"v":45000000,"d":"45,000,000"},null,null,{"v":55000000,"d":"55,000,000"},null,null,{"v":60500000,"d":"60,500,000"}]
["Impuestos",{"v":8000000,"d":"8,000,000"},null,null,{"v":12000000,"d":"12,000,000"},null,null,{"v":13200000,"d":"13,200,000"}]
["Arrendamiento",{"v":20110000,"d":"20,110,000"},null,null,{"v":23800000,"d":"23,800,000"},null,null,{"v":26180000,"d":"26,180,000"}]
["Servicios",{"v":14200000,"d":"14,200,000"},null,null,{"v":22000000,"d":"22,000,000"},null,null,{"v":24200000,"d":"24,200,000"}]
["Depreciación",{"v":4200000,"d":"4,200,000"},null,null,{"v":5000000,"d":"5,000,000"},null,null,{"v":5500000,"d":"5,500,000"}]
[]
["(Igual) Utilidad ordinaria",null,{"$f":"+C12+C13-C15-C17","v":{"v":93590000,"d":"93,590,000"}},null,null,{"$f":"+F12+F13-F15-F17","v":{"v":144600000,"d":"144,600,000"}},null,null,{"$f":"+I12+I13-I15-I17","v":{"v":150620000,"d":"150,620,000"}},null,null,{"$f":"+L12+L13-L15-L17","v":0}]
["(Más) Ingresos financieros",null,{"$f":"+B35","v":{"v":12000000,"d":"12,000,000"}},null,null,{"$f":"+E35","v":{"v":15400000,"d":"15,400,000"}},null,null,{"$f":"+H35","v":{"v":16200000,"d":"16,200,000"}},null,null,{"$f":"+K35","v":0}]
["Intereses",{"v":12000000,"d":"12,000,000"},null,null,{"v":15400000,"d":"15,400,000"},null,null,{"v":16200000,"d":"16,200,000"}]
["(Menos) Gastos financieros",null,{"$f":"-B37","v":{"v":-8745000,"d":"-8,745,000"}},null,null,{"$f":"-E37","v":{"v":-10705000,"d":"-10,705,000"}},null,null,{"$f":"-H37","v":{"v":-14900000,"d":"-14,900,000"}},null,null,{"$f":"-K37","v":0}]
["Costos por prestamos",{"v":8745000,"d":"8,745,000"},null,null,{"v":10705000,"d":"10,705,000"},null,null,{"v":14900000,"d":"14,900,000"}]
["(Igual) utilidad antes de impuestos",null,{"$f":"SUM(C33:C37)","v":{"v":96845000,"d":"96,845,000"}},null,null,{"$f":"SUM(F33:F37)","v":{"v":149295000,"d":"149,295,000"}},null,null,{"$f":"SUM(I33:I37)","v":{"v":151920000,"d":"151,920,000"}},null,null,{"$f":"SUM(L33:L37)","v":0}]
["(Menos) Impuesto  a las ganancias 35%",{"v":0.35,"d":"35%"},{"$f":"+C38*B39","v":{"v":33895750,"d":"33,895,750"}},null,{"v":0.35,"d":"35%"},{"$f":"+F38*E39","v":{"v":52253250,"d":"52,253,250"}},null,{"v":0.35,"d":"35%"},{"$f":"+I38*H39","v":{"v":53172000,"d":"53,172,000"}},null,{"v":0.35,"d":"35%"},{"$f":"+L38*K39","v":0}]
["(Igual) Resultado del ejercicio despues de Impuestos",null,{"$f":"+C38-C39","v":{"v":62949250,"d":"$ 62,949,250"}},null,null,{"$f":"+F38-F39","v":{"v":97041750,"d":"$ 97,041,750"}},null,null,{"$f":"+I38-I39","v":{"v":98748000,"d":"$ 98,748,000"}},null,null,{"$f":"+L38-L39","v":0}]
[]
["Firmas: "]
[]
["Rrepresentante Legal",null,"Revosor Fiscal:"]